Managerial economics (Record no. 364554)

000 -LEADER
fixed length control field 00308cam a22001217a 4500
008 - FIXED-LENGTH DATA ELEMENTS--GENERAL INFORMATION
fixed length control field 180718b1966 xxu||||| |||| 00| 0 eng d
082 ## - DEWEY DECIMAL CLASSIFICATION NUMBER
Classification number T300 D877
100 ## - MAIN ENTRY--PERSONAL NAME
Personal name Dufty, N.F.
245 ## - TITLE STATEMENT
Title Managerial economics
Statement of responsibility, etc. by N.F. Dufty
260 ## - PUBLICATION, DISTRIBUTION, ETC.
Place of publication, distribution, etc. Bombay
Name of publisher, distributor, etc. Asia
Date of publication, distribution, etc. 1966
300 ## - PHYSICAL DESCRIPTION
Extent 287p.
650 ## - SUBJECT ADDED ENTRY--TOPICAL TERM
Topical term or geographic name entry element Business Management
Holdings
Withdrawn status Lost status Damaged status Not for loan Permanent Location Current Location Date acquired Full call number Barcode Date last seen Price effective from Koha item type
        Indian Institute of Public Administration Indian Institute of Public Administration 1994-04-11 T300 D877 39552 2018-07-21 2018-07-21 Book

Powered by Koha